Value development in higher education / (Record no. 55010)

MARC details
000 -LEADER
fixed length control field 00834nam a22002417a 4500
005 - DATE AND TIME OF LATEST TRANSACTION
control field 20110808102855.0
008 - FIXED-LENGTH DATA ELEMENTS--GENERAL INFORMATION
fixed length control field 110808t xxu||||| |||| 00| 0 eng d
010 ## - LCCN (DPL NO)
LC control number ENG-103247
020 ## - INTERNATIONAL STANDARD BOOK NUMBER
International Standard Book Number 9788130913926
Terms of availability 395.00
035 ## - SYSTEM CONTROL NUMBER
System control number EN-86780
037 ## - SOURCE OF ACQUISITION
Source of stock number/acquisition DBAD/PUB
040 ## - CATALOGING SOURCE
Original cataloging agency DPL
Language of cataloging Eng
082 ## - DEWEY DECIMAL CLASSIFICATION NUMBER
Classification number 378
100 ## - MAIN ENTRY--PERSONAL NAME
9 (RLIN) 31629
245 ## - TITLE STATEMENT
Title Value development in higher education /
Statement of responsibility, etc edited by Marmar Mukhopadhyay with an introduction by Bart J. McGettrick
260 ## - PUBLICATION, DISTRIBUTION, ETC. (IMPRINT)
Place of publication, distribution, etc New Delhi
Name of publisher, distributor, etc Viva Books
Date of publication, distribution, etc 2010
270 ## - ADDRESS
Address 4737/23, Ansari Road, Daryaganj
City New Delhi
Postal code 110002
300 ## - PHYSICAL DESCRIPTION
Extent x,262p.
Dimensions 22cm (pbk)
650 ## - SUBJECT ADDED ENTRY--TOPICAL TERM
9 (RLIN) 31639
700 ## - ADDED ENTRY--PERSONAL NAME
9 (RLIN) 31640
Personal name Mukhopadhyay, Marmar
942 ## - ADDED ENTRY ELEMENTS (KOHA)
Source of classification or shelving scheme Dewey Decimal Classification
Item type English Books
Classification part 378
Call number suffix VAL
Holdings
Withdrawn status Lost status Source of classification or shelving scheme Damaged status Not for loan Collection code Home library Current library Date acquired Source of acquisition Cost, normal purchase price Total Checkouts Full call number Barcode Date last seen Copy number Cost, replacement price Koha item type
    Dewey Decimal Classification   Not For Loan Non-fiction D.B.Act.Division D.B.Act.Division 08/08/2011 DBAD/PUB 395.00   378 VAL EN-86780 08/08/2011 1 395.00 English Books

© Delhi Public Library
Hit Counter
free hit counter